000 00635cab a2200217 4500
001 WB2947-18
008 090401t1993 xxu||||| |||| 00| 0 eng d
035 _a(Sirsi) u5368
041 _aeng
245 _aSigns of life stirring in market
260 _c1993
350 _a0
490 _aFinancial Times
_v17 February 1993, 16(2)
520 _aInvestors are showing interest in the residential property market sector.
650 _aHOUSING MARKET
650 _aINVESTMENT MARKET
650 _aPRIVATE RENTED SECTOR
690 _aPROPERTY-RESIDENTIAL PROPERTY-RESIDENTIAL PROPERTY MARKET
942 _n0
948 _c04/03/1997
999 _c3193
_d3193